000 00293nam a2200109Ia 4500
008 201216s9999 xx 000 0 und d
100 _aLong, Larry E.
245 0 _aManager's Guide To Computers and Information Systems
260 _aEnglewood Cliffs
_bPrentice Hall
300 _a394
942 _cBK
999 _c6878
_d6878